| 000 | 00417nam a2200109Ia 4500 | ||
|---|---|---|---|
| 008 | 191206s9999 xx 000 0 und d | ||
| 245 | 0 | _aConfessions of an opium eater [Motion picture] | |
| 260 | _aPhotoplay Associates. Released by Allied Artists Pictures Corp. | ||
| 260 | _cc1962 | ||
| 300 | _a"p. 85 min., sd., b&w, 35 mm." | ||
| 999 |
_c15726 _d15726 |
||